000 01227nab a22002297a 4500
999 _c6221
_d6221
003 OSt
005 20260126011031.0
008 190514b xxu||||| |||| 00| 0 spa d
040 _cPJ
100 _96943
_aVieites, María Soledad
245 1 3 _aLa importancia de la perspectiva de género como garantía de un correcto encuadre legal del caso /
_cMaría Soledad Vieites.
300 _ap. 154-160
500 _aCita: TR LALEY AR/DOC/2120/2024.
505 _aSumario: I. Palabras preliminares.— II. Hechos.— III. Breve marco teórico.— IV. Análisis del caso.— V. Perspectiva de género. Análisis. Aplicación al caso.— VI. Conclusión.
505 _tFallo comentado: CCiv. y Com., Salta, sala I ~ 07/12/2022 ~ S., M. c. S., A. R.; M., T. s/ violencia de género.
505 _tFallo comentado: CJ Salta ~ 04/03/2024 ~ S., M. c. S., A. R.; M., T. s/ recurso de inconstitucionalidad.
650 0 _9967
_aDERECHO DE FAMILIA
650 0 _94044
_aPERSPECTIVA DE GÉNERO
650 0 _91057
_aJURISPRUDENCIA APLICABLE
773 0 _02844
_93222
_dBuenos Aires : AbeledoPerrot, 1989-
_tDerecho de familia. Revista Interdisciplinaria de doctrina y jurisprudencia. Octubre 2024-V.
_z18511201
942 _2udc
_cANA